000 00704nam a22001937a 4500
003 OSt
005 20240905114927.0
008 240905b ||||| |||| 00| 0 eng d
040 _cAIMIT LIBRARY
100 _aM Puneeth Kumar.
_e2216149
_9178793
245 _aPerformance evaluation of select debt mutual funds with reference to motilal oswal financial services /
_cPuneeth Kumar M ; Guided by Swapna Rose.
260 _aBengaluru ;
_c2024.
650 _aLiterature review
_9178794
650 _aResearch methodology
_9178795
650 _aData analysis and interpretation
_9178796
700 _aRose, Swapna.
_eGuide
_9178797
856 _3Motilal oswal financial services Limited
942 _2ddc
_cPRO
999 _c231752
_d231752